Counseling psychology and optimal human functioning / (Record no. 3024)

000 -LEADER
fixed length control field 01150cam a22002894a 4500
001 - CONTROL NUMBER
control field 12903667
003 - CONTROL NUMBER IDENTIFIER
control field OSt
005 - DATE AND TIME OF LATEST TRANSACTION
control field 20180117085955.0
008 - FIXED-LENGTH DATA ELEMENTS--GENERAL INFORMATION
fixed length control field 020822s2003 njua b 001 0 eng
010 ## - LIBRARY OF CONGRESS CONTROL NUMBER
LC control number 2002033867
020 ## - INTERNATIONAL STANDARD BOOK NUMBER
International Standard Book Number 0805839984 (alk. paper)
040 ## - CATALOGING SOURCE
Original cataloging agency DLC
Transcribing agency DLC
Modifying agency DLC
042 ## - AUTHENTICATION CODE
Authentication code pcc
050 00 - LIBRARY OF CONGRESS CALL NUMBER
Classification number BF637.C6
Item number C65 2003
082 00 - DEWEY DECIMAL CLASSIFICATION NUMBER
Classification number 158/.3
Edition number 21
245 00 - TITLE STATEMENT
Title Counseling psychology and optimal human functioning /
Statement of responsibility, etc. edited by Bruce Walsh.
260 ## - PUBLICATION, DISTRIBUTION, ETC.
Place of publication, distribution, etc. Mahwah, N.J. :
Name of publisher, distributor, etc. L. Erlbaum Associates,
Date of publication, distribution, etc. 2003.
300 ## - PHYSICAL DESCRIPTION
Extent xi, 325 p. :
Other physical details ill. ;
Dimensions 24 cm.
504 ## - BIBLIOGRAPHY, ETC. NOTE
Bibliography, etc. note Includes bibliographical references and indexes.
650 #0 - SUBJECT ADDED ENTRY--TOPICAL TERM
Topical term or geographic name entry element Counseling psychology.
700 1# - ADDED ENTRY--PERSONAL NAME
Personal name Walsh, W. Bruce,
Dates associated with a name 1936-
856 42 - ELECTRONIC LOCATION AND ACCESS
Materials specified Publisher description
Uniform Resource Identifier <a href="http://www.loc.gov/catdir/enhancements/fy0709/2002033867-d.html">http://www.loc.gov/catdir/enhancements/fy0709/2002033867-d.html</a>
906 ## - LOCAL DATA ELEMENT F, LDF (RLIN)
a 7
b cbc
c orignew
d 1
e ocip
f 20
g y-gencatlg
942 ## - ADDED ENTRY ELEMENTS (KOHA)
Source of classification or shelving scheme
Koha item type Book
Holdings
Withdrawn status Lost status Source of classification or shelving scheme Damaged status Not for loan Collection code Permanent Location Current Location Shelving location Date acquired Total Checkouts Full call number Barcode Date last seen Date last checked out Price effective from Koha item type
            Central Library (CL) Central Library (CL) General Stacks 04/27/2016 1 158/.3 COU S3H-N-357 10/23/2019 08/30/2019 04/27/2016 Book
© 2023 Central Library, National University of Sciences and Technology. All Rights Reserved.